| 000 -CABECERA |
| Longitud fija campo de control |
00975nam a2200229 a 4500 |
| 001 - NÚMERO DE CONTROL |
| Número de control |
794 |
| 003 - IDENTIFICADOR DEL NÚMERO DE CONTROL |
| Identificador del número de control |
CDMR |
| 005 - FECHA Y HORA DE LA ÚLTIMA TRANSACCIÓN |
| Fecha y hora de la última transacción |
20151016134202.0 |
| 008 - CÓDIGOS DE INFORMACIÓN DE LONGITUD FIJA |
| Códigos de información de longitud fija |
130130s2002||||||||||||||||||||||||||||d |
| 040 ## - FUENTE DE LA CATALOGACIÓN |
| Centro catalogador de origen |
CDMR |
| Lengua de catalogación |
cat |
| Centro transcriptor |
CDMR |
| 245 00 - MENCIÓN DE TÍTULO |
| Título |
Drets i límits del periodisme gràfic |
| Mención de responsabilidad, etc. |
Unió de Periodistes Valencians |
| 260 ## - PUBLICACIÓN, DISTRIBUCIÓN, ETC. (PIE DE IMPRENTA) |
| Lugar de publicación, distribución, etc. |
Barcelona |
| Nombre del editor, distribuidor, etc. |
Unió de Professionals de la Imatge i Fotografia de Catalunya |
| Fecha de publicación, distribución, etc. |
2002 |
| 300 ## - DESCRIPCIÓN FÍSICA |
| Extensión |
16 p. |
| 500 ## - NOTA GENERAL |
| Nota general |
A la coberta: Unió de Periodistes Valencians, UPIFC, Col·legi de Periodistes de Catalunya |
| 650 04 - PUNTO DE ACCESO ADICIONAL DE MATERIA - TÉRMINO DE MATERIA |
| 9 (RLIN) |
1270 |
| Término de materia o nombre geográfico como elemento inicial |
Fotoperiodisme |
| 650 04 - PUNTO DE ACCESO ADICIONAL DE MATERIA - TÉRMINO DE MATERIA |
| 9 (RLIN) |
4208 |
| Término de materia o nombre geográfico como elemento inicial |
Fotografia |
| Subdivisión de materia general |
Aspectes ètics i morals |
| 650 04 - PUNTO DE ACCESO ADICIONAL DE MATERIA - TÉRMINO DE MATERIA |
| 9 (RLIN) |
2767 |
| Término de materia o nombre geográfico como elemento inicial |
Periodistes |
| Subdivisión de materia general |
Situació legal, lleis, etc |
| 710 2# - PUNTO DE ACCESO ADICIONAL - NOMBRE DE ENTIDAD |
| 9 (RLIN) |
621 |
| Nombre de entidad o nombre de jurisdicción como elemento inicial |
Unió de Periodistes Valencians |
| 710 2# - PUNTO DE ACCESO ADICIONAL - NOMBRE DE ENTIDAD |
| 9 (RLIN) |
2834 |
| Nombre de entidad o nombre de jurisdicción como elemento inicial |
Unió de Professionals de la Imatge i Fotografia de Catalunya |
| 856 40 - LOCALIZACIÓN Y ACCESO ELECTRÓNICO |
| Identificador Uniforme del Recurso (URI) |
<a href="https://www.periodistes.cat/fcic/admin/doc_contingut/drets_limits_periodisme_grafic.pdf">https://www.periodistes.cat/fcic/admin/doc_contingut/drets_limits_periodisme_grafic.pdf</a> |
| Texto del enlace |
Disponible en línia (en castellà) |
| 942 ## - ENTRADA DE ELEMENTOS AGREGADOS (KOHA) |
| Koha [por defecto] tipo de item |
Fullets |
| Fuente de clasificaión o esquema |
|